RHCSA/RHCE red hat linux certification study guide seventh edition : (Record no. 103497)

MARC details
000 -LEADER
fixed length control field 00784nam a22002297a 4500
005 - DATE AND TIME OF LATEST TRANSACTION
control field 20160921114046.0
010 ## - LCCN (DPL NO)
LC control number ENG-116063
020 ## - INTERNATIONAL STANDARD BOOK NUMBER
Terms of availability 1099.00
International Standard Book Number 9789352602995
020 ## - INTERNATIONAL STANDARD BOOK NUMBER
International Standard Book Number 9352602994
Terms of availability 1099.00
035 ## - SYSTEM CONTROL NUMBER
System control number EN-99595
037 ## - SOURCE OF ACQUISITION
Source of stock number/acquisition DBAD/PUB
082 ## - DEWEY DECIMAL CLASSIFICATION NUMBER
Classification number 005.432
100 ## - MAIN ENTRY--PERSONAL NAME
Personal name Jang, Michael
245 ## - TITLE STATEMENT
Title RHCSA/RHCE red hat linux certification study guide seventh edition :
Statement of responsibility, etc by Michael Jang [and] Alessandro Orsaria
Remainder of title exams ex200 and ex300 /
250 ## - EDITION STATEMENT
Edition statement seventh ed.
260 ## - PUBLICATION, DISTRIBUTION, ETC. (IMPRINT)
Place of publication, distribution, etc Noida
Name of publisher, distributor, etc McGraw Hill Education
Date of publication, distribution, etc 2016
270 ## - ADDRESS
Address B-4, Sector - 63, Gautam Budh Nagar,
City Noida (UP)
Postal code 201301
300 ## - PHYSICAL DESCRIPTION
Extent xlviii, 925p
Dimensions 24cm(pbk)
Other physical details
500 ## - GENERAL NOTE
General note includes glossary and indexes
700 ## - ADDED ENTRY--PERSONAL NAME
Personal name Orsaria, Alessandro
942 ## - ADDED ENTRY ELEMENTS (KOHA)
Source of classification or shelving scheme Dewey Decimal Classification
Item type English Books
Call number suffix JAN
Classification part 005.432
Holdings
Withdrawn status Lost status Not for loan Collection code Home library Current library Date acquired Source of acquisition Cost, normal purchase price Full call number Barcode Copy number Cost, replacement price Koha item type
      Non-fiction R.K.Puram-8 R.K.Puram-8 21/09/2016 DBAD/PUB 1099.00 005.432 JAN EN-99595 1 1099.00 English Books

© Delhi Public Library
Hit Counter
free hit counter